Environmental management accounting : purpose and progress
Αποθηκεύτηκε σε:
| Άλλοι συγγραφείς: | , , |
|---|---|
| Μορφή: | Βιβλίο |
| Γλώσσα: | English |
| Δημοσίευση: |
Dordrecht; Boston :
Kluwer Academic Publishers,
c2003
|
| Σειρά: | Eco-efficiency in industry and science ;
; 12 |
| Θέματα: | |
| Ετικέτες: |
Προσθήκη ετικέτας
Δεν υπάρχουν, Καταχωρήστε ετικέτα πρώτοι!
|
MARC
| LEADER | 00000nam a2200000 i 4500 | ||
|---|---|---|---|
| 001 | 1/52756 | ||
| 008 | 070828s2003 eng d | ||
| 020 | |a 1-4020-1365-5 (hbk.) | ||
| 035 | |l 10090090 | ||
| 040 | |a GR-MY-UA |b gre |e aacr | ||
| 041 | 0 | |a eng | |
| 082 | 0 | |a 658.408 |2 (22) | |
| 245 | 1 | 0 | |a Environmental management accounting : |b purpose and progress / |c edited by Martin Bennett, Pall M. Rikhardsson and Stefan Schaltegger |
| 260 | |a Dordrecht; Boston : |b Kluwer Academic Publishers, |c c2003 | ||
| 300 | |a ix, 418 σ.; |b διαγρ., πίν.; |c 25 εκ. | ||
| 490 | 1 | |a Eco-efficiency in industry and science |v ; 12 | |
| 500 | |a Most of the papers in this volume were first presented at the 5th EMAN - Europe Annual Conference at the University of Gloucestershine, United Kingdom on 11-12 February 2002 | ||
| 504 | |a Περιέχει βιβλιογραφικές αναφορές και ευρετήριο | ||
| 650 | 0 | 0 | |a Environmental auditing |x Congresses. |
| 700 | 1 | |a Bennett, Martin. |4 edt | |
| 700 | 1 | |a Rikhardsson, Pall M. |4 edt | |
| 700 | 1 | |a Schaltegger, S. |q (Stefan) |d 1964- |4 edt | |
| 830 | 0 | |a Eco-efficiency in industry and science ; |v ; 12 | |
| 852 | |a INST |b LESVOS |e 20070828 |h 658.408 ENV |p 005100039198 |q 005100039198 |t BK |y 0 | ||
| 901 | |a BIBL1-2007-2 | ||
| 909 | |a Λ |b 138107 | ||
| 922 | |a 1ΕΛΗ |b 200707 |c ΕΠΕΑΕΚ2/ΤΠ |d ΕΛΕΥΘΕΡΟΥΔΑΚΗΣ | ||
| 970 | |a ΒΑΡΚΑ |b ΕΛΕΥΘΕΡΙΑ |z 2007/08/28 | ||